Formularios de sociedades mercantiles y agrupaciones de interés económico / Germán Fabra Valle, Felipe Castillo Sevilla
ISBN:
84-86799-25-2
Descripción Física:
322 p. ; 22 cm
Otros Autores:
Castillo Sevilla, Felipe
MARC
| LEADER | 00000nam a2200000Ia 4500 | ||
|---|---|---|---|
| 001 | 17452 | ||
| 008 | 160829s1992 xx 000 0 cat d | ||
| 020 | |a 84-86799-25-2 | ||
| 080 | |a D-3-90 | ||
| 100 | |a Fabra Valle, Germán |9 26708 | ||
| 245 | |a Formularios de sociedades mercantiles y agrupaciones de interés económico / Germán Fabra Valle, Felipe Castillo Sevilla | ||
| 260 | |a Madrid : |b Neo, |c 1992 | ||
| 300 | |a 322 p. ; |c 22 cm | ||
| 590 | |a Índex | ||
| 650 | |a Dret de societats |x Formularis |9 26709 | ||
| 650 | |a Dret de societats |x Espanya |9 26710 | ||
| 650 | |a Cooperatives |x Formularis |9 26711 | ||
| 700 | |a Castillo Sevilla, Felipe |9 26712 | ||
| 901 | |a Arxiu | ||
| 942 | |n 1 | ||
| 952 | |0 1 |1 0 |2 udc |4 0 |5 2 |6 D390 |7 1 |9 44110 |a Arxiu |b Arxiu |d 2016-12-01 |l 0 |o D-3-90 |p 17452 |r 2016-12-01 00:00:00 |w 2016-12-01 |y ARXIU | ||
| 999 | |c 46690 |d 46690 | ||